000 00561nam a2200205 4500
001 44866
090 _a44866
100 _a20150717d1986 m y0pory50030103ba
101 1 _apor
102 _aPT
200 1 _aO enigma do ataúde índio
_fRex Stout
_gtrad. Eduardo Saló
210 9 _aLisboa
_cLivros do Brasil,
_d1986
215 _a240, [8] p.
_d16 cm
225 2 _aVampiro
_v473
304 _aTít. orig.: Red threads
675 _a821.111(73)-312.4"19"
_vBN
_zpor
700 1 _aStout,
_bRex,
_f1886-1975
702 1 _aSaló,
_bEduardo
_4730
801 0 _aPT
_bBN
_gRPC
990 _cLIVROS